<tr>d class="category_name">USE YOUR WORDS>tr>
<tr>
</tr>
<tr>
<tr>
<td>
</tr>
<tr>
Walter White>r /> >able width="100%">>d class="right">Amanda>tr> | >td>
</tr>
able>
|
<tr>
<td>
</tr>
<tr>
condensation>r /> >able width="100%">>d class="right">Peter>tr> | >td>
</tr>
able>
|
<tr>
<td>
</tr>
<tr>
Mexico>r /> >able width="100%">>d class="right">Peter>tr> | >td>
</tr>
able>
|
<tr>
<td>
</tr>
<tr>
centimeters>r /> >able width="100%">>d class="right">Amanda>tr> | >td>
</tr>
able>
|
<tr>
<td>
</tr>
<tr>
Jenga>r /> >able width="100%">>d class="right">Peter>tr> | >td>
</tr>
able>
|
<tr>
<td>
</tr>
<tr>
leapfrog>r /> >able width="100%">>d class="right">Ivory>tr> | >td>
</tr>
able>
|
</tr>
<tr>
<tr>
<td>
</tr>
<tr>
>m class="correct_response">>Glee>r /> >able width="100%">>d class="right">Peter>tr> | >td>
</tr>
able>
|
<tr>
<td>
</tr>
<tr>
Celsius>r /> >able width="100%">>d class="right">Amanda>tr> | >td>
</tr>
able>
|
<tr>
<td>
</tr>
<tr>
>m class="correct_response">>Quiet>r /> >able width="100%">>d class="right">Ivory>tr> | >td>
</tr>
able>
|
<tr>
<td>
</tr>
<tr>
bamboo>r /> >able width="100%">>d class="right">Peter>tr> | >td>
</tr>
able>
|
<tr>
<td>
</tr>
<tr>
(Amanda: What's the Central Park Zoo?) >r />the Bronx Zoo>r /> >able width="100%">>d class="wrong">Amanda>d class="right">Peter>tr> | >td>
</tr>
able>
|
<tr>
<td>
</tr>
<tr>
olfactory>r /> >able width="100%">>d class="right">Peter>tr> | >td>
</tr>
able>
|
</tr>
<tr>
<tr>
<td>
</tr>
<tr>
Key & Peele>r /> >able width="100%">>d class="right">Amanda>tr> | >td>
</tr>
able>
|
<tr>
<td>
</tr>
<tr>
(Amanda: What is copper?) >r />cobalt>r /> >able width="100%">>d class="wrong">Amanda>tr> | >td>
</tr>
able>
|
<tr>
<td>
</tr>
<tr>
Elizabeth Gilbert>r />r />able>>d class="wrong">Triple Stumper>tr> | >td>
</tr>
able>
|
<tr>
<td>
</tr>
<tr>
Lyme disease>r /> >able width="100%">>d class="right">Amanda>tr> | >td>
</tr>
able>
|
<tr>
<td>
</tr>
<tr>
Eloise>r /> >able width="100%">>d class="right">Peter>tr> | >td>
</tr>
able>
|
<tr>
<td>
</tr>
<tr>
general & specific>r />r />able>>d class="wrong">Triple Stumper>tr> | >td>
</tr>
able>
|
</tr>
<tr>
<tr>
<td>
</tr>
<tr>
>m class="correct_response">>New Girl>r /> >able width="100%">>d class="right">Ivory>tr> | >td>
</tr>
able>
|
<tr>
<td>
</tr>
<tr>
cortisol>r /> >able width="100%">>d class="right">Amanda>tr> | >td>
</tr>
able>
|
<tr>
<td>
</tr>
<tr>
(Ivory: What is >The Birdcage?) >r />m class="correct_response">>The Nightingale>r /> >able width="100%">>d class="wrong">Ivory>tr> | >td>
</tr>
able>
|
<tr>
<td>
</tr>
<tr>
Lindbergh>r /> >able width="100%">>d class="right">Amanda>tr> | >td>
</tr>
able>
|
<tr>
<td>
</tr>
<tr>
Battery Park>r /> >able width="100%">>d class="right">Amanda>tr> | >td>
</tr>
able>
|
<tr>
<td>
</tr>
<tr>
abyss>r /> >able width="100%">>d class="right">Ivory>tr> | >td>
</tr>
able>
|
</tr>
<tr>
<tr>
<td>
</tr>
<tr>
>m class="correct_response">>Boy Meets World>r /> >able width="100%">>d class="right">Amanda>tr> | >td>
</tr>
able>
|
<tr>
<td>
</tr>
<tr>
the Cambrian>r /> >able width="100%">>d class="right">Amanda>tr> | >td>
</tr>
able>
|
<tr>
<td>
</tr>
<tr>
>m class="correct_response">>She Said>r />r />able>>d class="wrong">Triple Stumper>tr> | >td>
</tr>
able>
|
<tr>
<td>
</tr>
<tr>
Montgomery & Selma>r /> >able width="100%">>d class="right">Peter>tr> | >td>
</tr>
able>
|
<tr>
<td>
</tr>
<tr>
the Dakota>r /> >able width="100%">>d class="right">Ivory>tr> | >td>
</tr>
able>
|
<tr>
<td>
</tr>
<tr>
(Ivory: What are bards?) >r />troubadours>r /> >able width="100%">>d class="wrong">Ivory>tr> | >able>>d class="wrong">Triple Stumper>tr> |
>td>